[Event "Nakhchivan Open 2016"]
[Site "Nakhchivan AZE"]
[Date "2016.05.10"]
[Round "1.2"]
[White "Mammadova, Gulnar"]
[Black "Safarli, Eltaj"]
[Result "0-1"]
[WhiteTitle "WGM"]
[BlackTitle "GM"]
[WhiteElo "2319"]
[BlackElo "2664"]
[WhiteFideId "13403508"]
[BlackFideId "13402129"]
[EventDate "2016.05.10"]

1. e4 e5 2. Nf3 Nc6 3. d4 exd4 4. Nxd4 Bb4+ 5. c3 Bc5 6. Nxc6 bxc6 7. Bd3 d6 8.
O-O Nf6 9. Nd2 O-O 10. b4 Bb6 11. Nc4 Re8 12. Nxb6 axb6 13. Re1 Ng4 14. h3 Ne5
15. Bf4 Ng6 16. Qd2 Ra3 17. Bg3 c5 18. Bc4 Be6 19. Bb5 Bd7 20. Qb2 cxb4 21. Bxd7
Qxd7 22. cxb4 Rea8 23. Rec1 h5 24. h4 R8a7 25. Qe2 Qg4 26. Qxg4 hxg4 27. Rc2 Nf8
28. e5 d5 29. Rd2 Ne6 30. Rxd5 Rxa2 31. Rad1 Ra1 32. f4 gxf3 33. gxf3 Rxd1+ 34.
Rxd1 Ra3 35. Kg2 Rb3 36. Be1 Nf4+ 0-1

[Event "Nakhchivan Open 2016"]
[Site "Nakhchivan AZE"]
[Date "2016.05.10"]
[Round "1.3"]
[White "Alekseev, Evgeny"]
[Black "Mammadzada, Gunay"]
[Result "1/2-1/2"]
[WhiteTitle "GM"]
[BlackTitle "WGM"]
[WhiteElo "2633"]
[BlackElo "2318"]
[WhiteFideId "4138147"]
[BlackFideId "13403729"]
[EventDate "2016.05.10"]

1. e4 c5 2. Nf3 d6 3. d4 cxd4 4. Qxd4 a6 5. h3 Nc6 6. Qe3 g6 7. Be2 Bh6 8. Qc3
Qa5 9. Qxa5 Nxa5 10. Bxh6 Nxh6 11. Nc3 Nc6 12. O-O-O f6 13. Nd5 Rb8 14. Nd2 Nf7
15. f4 O-O 16. Nb3 Kg7 17. Bf3 Rd8 18. Nb6 Be6 19. c3 h5 20. h4 Nh6 21. Rhe1 Bg4
22. Nd4 Nxd4 23. cxd4 e6 24. a4 Re8 25. Kd2 e5 26. Ke3 Rbd8 27. dxe5 dxe5 28.
fxe5 fxe5 29. Rxd8 Rxd8 30. Rc1 Rf8 31. Rc5 Kf6 32. Nd5+ Ke6 33. Rc7 Rf7 34. Rc8
Bxf3 35. gxf3 Rg7 36. Re8+ Kd6 37. Rd8+ Ke6 38. Rf8 Nf5+ 39. exf5+ Kxd5 40. Rd8+
Kc5 41. Ke4 gxf5+ 42. Kxe5 Rg3 43. Rd3 Rh3 44. Kxf5 Rxh4 45. f4 Kc4 46. Rg3 Rh2
47. b3+ Kd4 48. Rg6 Rf2 49. Kg5 h4 50. Rh6 Rf3 51. Rxh4 Rxb3 52. Rh6 Rg3+ 53.
Kf5 Ra3 54. Rb6 Rxa4 55. Rxb7 Ra2 56. Kg6 a5 1/2-1/2

[Event "Nakhchivan Open 2016"]
[Site "Nakhchivan AZE"]
[Date "2016.05.10"]
[Round "1.4"]
[White "Emiroglu, Cankut"]
[Black "Kuzubov, Yuriy"]
[Result "1/2-1/2"]
[WhiteTitle "FM"]
[BlackTitle "GM"]
[WhiteElo "2302"]
[BlackElo "2632"]
[WhiteFideId "6306659"]
[BlackFideId "14112906"]
[EventDate "2016.05.10"]

1. e4 c5 2. Nf3 d6 3. Bb5+ Nc6 4. O-O Bd7 5. Re1 Nf6 6. h3 e6 7. c3 d5 8. d3 Be7
9. Bg5 O-O 10. Nbd2 h6 11. Bh4 Rc8 12. Ba4 d4 13. cxd4 Nxd4 14. Nxd4 cxd4 15.
Bxf6 Bxf6 16. Bxd7 Qxd7 17. a4 Be7 18. Qb3 1/2-1/2

[Event "Nakhchivan Open 2016"]
[Site "Nakhchivan AZE"]
[Date "2016.05.10"]
[Round "1.5"]
[White "Tiviakov, Sergei"]
[Black "Zarinfam, Arsalan"]
[Result "1-0"]
[WhiteTitle "GM"]
[BlackTitle "FM"]
[WhiteElo "2591"]
[BlackElo "2301"]
[WhiteFideId "1008013"]
[BlackFideId "12504262"]
[EventDate "2016.05.10"]

1. e4 e5 2. Bc4 Nf6 3. d3 Nc6 4. Nf3 Bc5 5. c3 a6 6. Bb3 Ba7 7. h3 d6 8. Nbd2
O-O 9. Nf1 d5 10. Qe2 Be6 11. Ng3 dxe4 12. dxe4 Bxb3 13. axb3 Qd7 14. Bg5 Qe6
15. Qc4 Qxc4 16. bxc4 Nd7 17. Ke2 f6 18. Bd2 Bc5 19. b4 Be7 20. Nf5 Kf7 21. Rhd1
Rfd8 22. Ne3 Rac8 23. Nd5 Bf8 24. c5 Ne7 25. Ne3 g6 26. Nc4 Nc6 27. g4 Bxc5 28.
bxc5 Nxc5 29. Rdb1 b5 30. Na5 Nxa5 31. Rxa5 Nxe4 32. Rb4 Nxd2 33. Nxd2 Rd6 34.
c4 Rcd8 35. Rb2 bxc4 36. Rc5 R8d7 37. Nxc4 Rd3 38. Rxc7 Rxc7 39. Kxd3 Rd7+ 40.
Ke2 Rc7 41. Nd6+ Ke7 42. Rb6 Rc2+ 43. Kf3 a5 44. Ra6 h6 45. Ne4 f5 46. gxf5 gxf5
47. Ng3 Rc3+ 48. Kg2 f4 49. Ne4 Rc4 50. Kf3 1-0

[Event "Nakhchivan Open 2016"]
[Site "Nakhchivan AZE"]
[Date "2016.05.10"]
[Round "1.6"]
[White "Fataliyeva, Ulviyya"]
[Black "Khenkin, Igor"]
[Result "1/2-1/2"]
[WhiteTitle "WIM"]
[BlackTitle "GM"]
[WhiteElo "2301"]
[BlackElo "2575"]
[WhiteFideId "13403052"]
[BlackFideId "4659600"]
[EventDate "2016.05.10"]

1. d4 Nf6 2. c4 e6 3. Nf3 b6 4. g3 Ba6 5. Qa4 Bb7 6. Bg2 c5 7. dxc5 Bxc5 8. Nc3
O-O 9. O-O Be7 10. Rd1 Na6 11. Bf4 Nc5 12. Qc2 Qc8 13. Rac1 Nce4 14. Nd4 Nxc3
15. Qxc3 Bxg2 16. Kxg2 Nh5 17. Be3 Qb7+ 18. f3 a6 19. Qd3 Nf6 20. Bf2 Rac8 21.
e4 Rc7 22. b3 Rfc8 23. Be3 d6 24. Ne2 b5 25. cxb5 axb5 1/2-1/2

[Event "Nakhchivan Open 2016"]
[Site "Nakhchivan AZE"]
[Date "2016.05.10"]
[Round "1.7"]
[White "Abasov, Nijat"]
[Black "Hojjatova, Aydan"]
[Result "1/2-1/2"]
[WhiteTitle "GM"]
[BlackTitle "WFM"]
[WhiteElo "2571"]
[BlackElo "2300"]
[WhiteFideId "13402960"]
[BlackFideId "13401491"]
[EventDate "2016.05.10"]

1. d4 e6 2. Nf3 Nf6 3. Bf4 d5 4. e3 Bd6 5. Bg3 O-O 6. Bd3 c5 7. c3 b6 8. Nbd2
Bb7 9. Ne5 Nc6 10. f4 Ne7 11. Qf3 Nf5 12. Bf2 Be7 13. O-O Nd6 14. Rad1 c4 15.
Bc2 b5 16. Bh4 Nfe4 17. Bxe7 Qxe7 18. Qe2 f6 19. Ng4 a5 20. Rf3 f5 21. Ne5 Nf7
22. Nxf7 Rxf7 23. Bxe4 fxe4 24. Rf2 b4 25. Nb1 Bc6 26. Rd2 Rb8 27. g3 Be8 28. h4
Rf6 29. h5 g6 30. hxg6 Rxg6 31. Rg2 Qg7 32. g4 h6 33. Qe1 Bd7 34. Qh4 Kf7 35.
Rg3 Rg8 36. Rdg2 Ba4 37. g5 Rh8 38. gxh6 Rhxh6 39. Rxg6 Qxg6 40. Qd8 Qh7 41. Kf2
Rh2 42. Qg5 Qh4+ 43. Qxh4 Rxh4 44. Nd2 bxc3 45. bxc3 Rh8 46. Nb1 Rb8 47. Na3
Rb2+ 1/2-1/2

[Event "Nakhchivan Open 2016"]
[Site "Nakhchivan AZE"]
[Date "2016.05.10"]
[Round "1.8"]
[White "Mustafin, Andrey"]
[Black "Burmakin, Vladimir"]
[Result "1-0"]
[WhiteTitle "FM"]
[BlackTitle "GM"]
[WhiteElo "2299"]
[BlackElo "2554"]
[WhiteFideId "13406744"]
[BlackFideId "4105109"]
[EventDate "2016.05.10"]

1. e4 c6 2. d4 d5 3. e5 Bf5 4. Nf3 e6 5. Be2 Ne7 6. Nh4 Be4 7. O-O c5 8. f3 Bg6
9. Be3 cxd4 10. Bxd4 Nec6 11. Bf2 Nd7 12. f4 Bc5 13. g3 Qb6 14. Nc3 O-O 15. f5
exf5 16. Nxd5 Bxf2+ 17. Rxf2 Qc5 18. b4 Qd4 19. Ne7+ Kh8 20. Nxc6 Qc3 21. Ne7
Rad8 22. Qe1 Qxe5 23. Bf1 Qb2 24. Nexf5 Rfe8 25. Qc1 Qxb4 26. Rb1 Qc5 27. Rb5
Qc6 28. Qb2 f6 29. Nxg6+ hxg6 30. Nh4 1-0

[Event "Nakhchivan Open 2016"]
[Site "Nakhchivan AZE"]
[Date "2016.05.10"]
[Round "1.9"]
[White "Mirzoev, Azer"]
[Black "Idrisov, Tabriz"]
[Result "1-0"]
[WhiteTitle "GM"]
[WhiteElo "2510"]
[BlackElo "2273"]
[WhiteFideId "13400304"]
[BlackFideId "13402870"]
[EventDate "2016.05.10"]

1. d4 c5 2. d5 e5 3. e4 d6 4. Nc3 Be7 5. Nf3 a6 6. a4 Bg4 7. Be2 Bxf3 8. Bxf3
Bg5 9. O-O Bxc1 10. Qxc1 Ne7 11. g3 O-O 12. Bg2 Nd7 13. Qd2 Qa5 14. Qd3 Qb4 15.
a5 c4 16. Qe2 Nc5 17. Ra2 f5 18. Qe1 Rf7 19. Na4 Qxe1 20. Rxe1 Nxe4 21. Nb6 Raf8
22. c3 Nf6 23. Nxc4 Rd8 24. Nb6 Nd7 25. Nc4 Nf6 26. Rd1 g5 27. b4 e4 28. Nb6 Nc8
29. Na4 Rc7 30. Bf1 f4 31. c4 Ne7 32. c5 Nexd5 33. Bc4 dxc5 34. Nxc5 Kf7 35.
Rad2 Rxc5 36. bxc5 Ke6 37. Rb2 Rd7 38. c6 bxc6 39. Bxa6 Ra7 40. Bc8+ Kd6 41. a6
e3 42. fxe3 fxe3 43. Bb7 Ne4 44. Kf1 Nc3 45. Ra1 h6 46. Ke1 Kc5 47. Ra5+ Kc4 48.
Bxc6 Nb4 49. Bb5+ Nxb5 50. Ra4 Nc3 51. Rbxb4+ Kd3 52. Rb7 Ra8 53. Ra3 1-0

[Event "Nakhchivan Open 2016"]
[Site "Nakhchivan AZE"]
[Date "2016.05.10"]
[Round "1.10"]
[White "Bagheri, Maziar"]
[Black "Malakhatko, Vadim"]
[Result "1/2-1/2"]
[BlackTitle "GM"]
[WhiteElo "2266"]
[BlackElo "2501"]
[WhiteFideId "12530913"]
[BlackFideId "14104202"]
[EventDate "2016.05.10"]

1. Nf3 Nf6 2. c4 e6 3. Nc3 d5 4. d4 c6 5. Bg5 Nbd7 6. e3 Qa5 7. Nd2 dxc4 8. Bxf6
Nxf6 9. Nxc4 Qc7 10. Be2 Be7 11. O-O O-O 12. Rc1 Rd8 13. Qc2 Bd7 14. Ne4 Nd5 15.
a3 Be8 16. Bd3 Rac8 17. Rfd1 h6 18. Ne5 c5 19. Nxc5 Qb8 20. Nc4 b6 21. Na6 Qb7
22. Nb4 Bxb4 23. axb4 Nxb4 24. Qb3 Nxd3 25. Qxd3 Bb5 26. b3 Qe7 27. e4 Rc7 28.
d5 exd5 29. exd5 Rcd7 30. Qf3 Ba6 31. Rd4 Qc5 32. Rcd1 Bxc4 33. bxc4 b5 34. cxb5
Qxb5 35. d6 a5 36. h4 a4 37. g3 Qc5 38. Rd5 Qb6 39. Qd3 Qb3 40. Qxb3 axb3 41.
Rb5 1/2-1/2

[Event "Nakhchivan Open 2016"]
[Site "Nakhchivan AZE"]
[Date "2016.05.10"]
[Round "1.11"]
[White "Rasulov, Vugar"]
[Black "Bayramov, Elvin"]
[Result "1-0"]
[WhiteTitle "GM"]
[WhiteElo "2486"]
[BlackElo "2262"]
[WhiteFideId "13402390"]
[BlackFideId "13406655"]
[EventDate "2016.05.10"]

1. d4 Nf6 2. c4 c5 3. d5 d6 4. Nc3 g6 5. Nf3 Bg7 6. e4 O-O 7. Be2 b5 8. cxb5 a6
9. b6 Qxb6 10. Nd2 Nbd7 11. O-O Qc7 12. a4 Rb8 13. Qc2 Re8 14. Nc4 Bb7 15. a5 e6
16. Bf4 Bf8 17. Rfd1 exd5 18. exd5 Ba8 19. Bf3 Rb4 20. Na4 Qb8 21. Rab1 Ne5 22.
Bxe5 dxe5 23. Nab6 Bb7 24. Qc3 Bd6 25. Rbc1 Rb5 26. Nxd6 Qxd6 27. Be2 Rxb6 28.
axb6 Nd7 29. b4 Rc8 30. bxc5 Nxc5 31. Qb4 Kg7 32. Rc3 a5 33. Qxa5 Nd7 34. Rxc8
Bxc8 35. Ba6 Nxb6 36. Rb1 Bxa6 37. Rxb6 Qc7 38. Rxg6+ 1-0

[Event "Nakhchivan Open 2016"]
[Site "Nakhchivan AZE"]
[Date "2016.05.10"]
[Round "1.12"]
[White "Mamedjarova, Turkan"]
[Black "Mammadov, Zaur"]
[Result "1-0"]
[WhiteTitle "WGM"]
[BlackTitle "GM"]
[WhiteElo "2257"]
[BlackElo "2465"]
[WhiteFideId "13402005"]
[BlackFideId "13401033"]
[EventDate "2016.05.10"]

1. e4 c6 2. d4 d5 3. exd5 cxd5 4. Bd3 Nc6 5. c3 Nf6 6. Bf4 g6 7. Nf3 Bg7 8. h3
O-O 9. Ne5 Nd7 10. Nxd7 Qxd7 11. O-O f6 12. Re1 e5 13. dxe5 fxe5 14. Bg3 Qf7 15.
Bb5 a6 16. Bxc6 bxc6 17. Nd2 e4 18. Nb3 a5 19. Nd4 Bb7 20. Qb3 c5 21. Ne6 a4 22.
Qb5 Qxe6 23. Qxb7 a3 24. Rad1 axb2 25. Qxb2 Ra7 26. Qc2 c4 27. Qd2 Ra5 28. f3
Qc6 29. fxe4 dxe4 30. Bf2 Re8 31. Re2 Ra3 32. Bd4 Rd8 33. Qe3 Qa8 34. Red2 Bf8
35. Qg5 e3 36. Qxe3 Re8 37. Qf4 Ra6 38. Rf1 Qb7 39. Rdf2 Qe7 40. Bc5 Qxc5 41.
Qf7+ Kh8 42. Qxe8 Rf6 43. Qd8 Rf4 44. g3 Rf5 45. Qd4+ Bg7 46. Qxc5 Rxc5 47. Rf3
Ra5 48. Rb1 h5 49. Rb4 Rxa2 50. Rxc4 Rc2 51. Rc7 Kg8 52. Rd3 Bf6 53. c4 Kf8 54.
Rf3 1-0

[Event "Nakhchivan Open 2016"]
[Site "Nakhchivan AZE"]
[Date "2016.05.10"]
[Round "1.13"]
[White "Pavlov, Sergey2"]
[Black "Bayramov, Zaur"]
[Result "1/2-1/2"]
[WhiteTitle "IM"]
[WhiteElo "2452"]
[BlackElo "2241"]
[WhiteFideId "14114330"]
[BlackFideId "13405080"]
[EventDate "2016.05.10"]

1. Nf3 c5 2. c4 Nc6 3. d4 cxd4 4. Nxd4 g6 5. e4 Bg7 6. Be3 Nf6 7. Nc3 d6 8. Be2
O-O 9. O-O Bd7 10. Qd2 Rc8 11. f3 a6 12. Rfd1 Nxd4 13. Bxd4 Be6 14. b3 Nd7 15.
Bxg7 Kxg7 16. f4 f6 17. Nd5 Nc5 18. Qe3 Bxd5 19. exd5 a5 20. Rab1 Re8 21. Bg4 f5
22. Bf3 e5 23. dxe6 Rxe6 24. Qc3+ Qf6 25. Qxa5 Rce8 26. Rd5 Kh6 27. Rf1 Ne4 28.
Rd3 Nc5 29. Rd5 Ne4 30. Rd3 Nc5 1/2-1/2

[Event "Nakhchivan Open 2016"]
[Site "Nakhchivan AZE"]
[Date "2016.05.10"]
[Round "1.14"]
[White "Mamedjarova, Zeinab"]
[Black "Beradze, Irakli"]
[Result "1/2-1/2"]
[WhiteTitle "WGM"]
[WhiteElo "2236"]
[BlackElo "2425"]
[WhiteFideId "13401521"]
[BlackFideId "13604597"]
[EventDate "2016.05.10"]

1. d4 Nf6 2. Nf3 d5 3. e3 Bf5 4. Bd3 Bxd3 5. Qxd3 c6 6. Nbd2 e6 7. e4 Be7 8. O-O
Qa5 9. c3 dxe4 10. Nxe4 Nbd7 11. Re1 O-O 12. Nxf6+ Bxf6 13. Bf4 Rad8 14. Qc2 c5
15. Bd6 Rfe8 16. dxc5 Nxc5 17. Rad1 Qb6 18. Be5 Bxe5 19. Nxe5 f6 20. Ng4 Rxd1
21. Rxd1 Rd8 22. h3 Qc7 23. Qe2 Rxd1+ 24. Qxd1 b5 25. Qd4 Kf7 26. Ne3 a6 27. b4
Nd7 1/2-1/2

[Event "Nakhchivan Open 2016"]
[Site "Nakhchivan AZE"]
[Date "2016.05.10"]
[Round "1.15"]
[White "Iskandarov, Misratdin"]
[Black "Karayev, Kanan"]
[Result "0-1"]
[WhiteTitle "IM"]
[BlackTitle "CM"]
[WhiteElo "2419"]
[BlackElo "2216"]
[WhiteFideId "13400312"]
[BlackFideId "13406671"]
[EventDate "2016.05.10"]

1. e4 g6 2. d4 Bg7 3. Nc3 d6 4. f4 Nc6 5. Be3 Nf6 6. Nf3 O-O 7. d5 Nb8 8. Qd2 c6
9. O-O-O b5 10. dxc6 b4 11. Nd5 Nxc6 12. Nxf6+ Bxf6 13. Bc4 Bb7 14. f5 Rc8 15.
Bd5 Na5 16. Kb1 Bxd5 17. Qxd5 Bxb2 18. fxg6 hxg6 19. Bh6 Qc7 20. Qd3 Bg7 21.
Bxg7 Kxg7 22. Rd2 Nc4 23. Re2 Na3+ 24. Kb2 Qc3+ 25. Qxc3+ Rxc3 26. Rd1 Rfc8 27.
Ne1 Nc4+ 28. Kb1 Na3+ 29. Kb2 Nc4+ 30. Kb1 a5 31. Rc1 a4 32. Nd3 Na3+ 33. Kb2
Nc4+ 34. Kb1 Na3+ 35. Kb2 Nb5 36. Nxb4 a3+ 37. Ka1 R3c4 0-1

[Event "Nakhchivan Open 2016"]
[Site "Nakhchivan AZE"]
[Date "2016.05.10"]
[Round "1.16"]
[White "Sevgi, Volkan"]
[Black "Sevdimaliyev, Urfan"]
[Result "1/2-1/2"]
[WhiteTitle "FM"]
[BlackTitle "GM"]
[WhiteElo "2210"]
[BlackElo "2400"]
[WhiteFideId "6325335"]
[BlackFideId "13402463"]
[EventDate "2016.05.10"]

1. e4 c5 2. Nc3 d6 3. g3 g6 4. Bg2 Bg7 5. d3 Nc6 6. Be3 Rb8 7. Qd2 b5 8. Nge2 b4
9. Nd1 Nd4 10. h3 e6 11. O-O Ne7 12. Nc1 O-O 13. c3 bxc3 14. bxc3 Ndc6 15. Bh6
e5 16. Bxg7 Kxg7 17. Ne3 Be6 18. f4 f5 19. Ne2 d5 20. exd5 Nxd5 21. fxe5 Nxe5
22. d4 Nb6 23. Nf4 Bg8 24. Qf2 1/2-1/2

[Event "Nakhchivan Open 2016"]
[Site "Nakhchivan AZE"]
[Date "2016.05.10"]
[Round "1.17"]
[White "Asadli, Vugar"]
[Black "Abdulla, Khayala"]
[Result "1-0"]
[WhiteTitle "FM"]
[BlackTitle "WGM"]
[WhiteElo "2397"]
[BlackElo "2209"]
[WhiteFideId "13405764"]
[BlackFideId "13401807"]
[EventDate "2016.05.10"]

1. e4 c5 2. Nf3 e6 3. d4 cxd4 4. Nxd4 a6 5. Nc3 Qc7 6. g3 Bb4 7. Bd2 Nf6 8. Bg2
Nc6 9. Nb3 Be7 10. O-O b5 11. a3 Bb7 12. f4 d6 13. g4 h6 14. Kh1 Rd8 15. Qe2 Kf8
16. Be3 g6 17. f5 Kg7 18. Rad1 Ne5 19. Nd4 Nexg4 20. fxe6 Qc4 21. Qxc4 bxc4 22.
Bf4 Rde8 23. Nd5 Nxd5 24. exd5 f5 25. Nc6 Bh4 26. Rd4 Bxc6 27. dxc6 Rxe6 28.
Rxd6 Rxd6 29. Bxd6 Ne3 30. Rf3 Nxg2 31. Kxg2 Bf6 32. b4 Kf7 33. Re3 g5 34. a4 1-0

[Event "Nakhchivan Open 2016"]
[Site "Nakhchivan AZE"]
[Date "2016.05.10"]
[Round "1.18"]
[White "Enkhtuul, Altan-Ulzii"]
[Black "Noroozi, Omid"]
[Result "1/2-1/2"]
[WhiteTitle "WGM"]
[BlackTitle "IM"]
[WhiteElo "2208"]
[BlackElo "2391"]
[WhiteFideId "4901444"]
[BlackFideId "12501190"]
[EventDate "2016.05.10"]

1. Nf3 d5 2. d4 Nf6 3. g3 Bg4 4. Bg2 e6 5. O-O Nbd7 6. Nbd2 Be7 7. Re1 O-O 8. e4
c6 9. c3 Qb6 10. a4 a5 11. exd5 cxd5 12. Qb3 Qxb3 13. Nxb3 Ne4 14. Be3 Bf5 15.
Ne5 Nef6 16. c4 Bc2 17. Nd2 Nxe5 18. dxe5 Ng4 19. cxd5 exd5 20. Bd4 Bb4 21. h3
Nh6 22. Bc3 1/2-1/2

[Event "Nakhchivan Open 2016"]
[Site "Nakhchivan AZE"]
[Date "2016.05.10"]
[Round "1.19"]
[White "Bashirli, Nail"]
[Black "Ahmadzada, Ahmad"]
[Result "1-0"]
[WhiteTitle "FM"]
[BlackTitle "CM"]
[WhiteElo "2384"]
[BlackElo "2207"]
[WhiteFideId "13406809"]
[BlackFideId "13413007"]
[EventDate "2016.05.10"]

1. e4 e6 2. d4 d5 3. Nd2 c5 4. exd5 Qxd5 5. Ngf3 cxd4 6. Bc4 Qd6 7. O-O Nf6 8.
Nb3 Nc6 9. Nfxd4 Nxd4 10. Nxd4 a6 11. Re1 Qc7 12. Qe2 Bd6 13. Bg5 Bxh2+ 14. Kh1
Bf4 15. Bxf6 gxf6 16. Bxe6 Kf8 17. Bxc8 Rxc8 18. Qh5 Rg8 19. g3 Qc5 20. Nf5 Qd5+
21. Kg1 Rc5 22. Re7 Rg6 23. Qxh7 Rxc2 24. Rae1 Rc8 25. Qh8+ Rg8 26. Qxf6 Bg5 27.
Rxf7+ Qxf7 28. Qd6+ Be7 29. Nxe7 1-0

[Event "Nakhchivan Open 2016"]
[Site "Nakhchivan AZE"]
[Date "2016.05.10"]
[Round "1.20"]
[White "Khalafova, Narmin"]
[Black "Gasimov, Parviz"]
[Result "1-0"]
[WhiteTitle "WIM"]
[BlackTitle "FM"]
[WhiteElo "2193"]
[BlackElo "2375"]
[WhiteFideId "13402625"]
[BlackFideId "13408798"]
[EventDate "2016.05.10"]

1. e4 e6 2. d4 d5 3. Nd2 Nf6 4. e5 Nfd7 5. Bd3 c5 6. c3 Nc6 7. Ngf3 g6 8. h4 Qb6
9. h5 Rg8 10. hxg6 hxg6 11. Rh7 Be7 12. dxc5 Qc7 13. Nb3 Ncxe5 14. Bb5 a6 15.
Ba4 Nc6 16. Ng5 Bxg5 17. Bxg5 Qe5+ 18. Be3 Rh8 19. Rxh8+ Qxh8 20. Nd4 Qh1+ 21.
Ke2 Qh5+ 22. f3 Nde5 23. Qh1 Bd7 24. Qxh5 gxh5 25. Nxc6 Bxc6 26. Bxc6+ bxc6 27.
Rh1 Rb8 28. b3 Ng6 29. Rxh5 e5 30. g3 Kd7 31. Rh2 Ke6 32. f4 exf4 33. gxf4 Ne7
34. Rh6+ f6 35. Bd4 Rf8 36. Kf3 Rf7 37. Rh8 Kf5 38. b4 Rg7 39. Ra8 Ng6 40. Rxa6
Nh4+ 41. Ke2 Rg2+ 42. Bf2 Ng6 43. Kf3 Nxf4 44. Rxc6 Rh2 1-0

[Event "Nakhchivan Open 2016"]
[Site "Nakhchivan AZE"]
[Date "2016.05.10"]
[Round "1.21"]
[White "Kazimova, Narmin"]
[Black "Ibrahimova, Sabina"]
[Result "1/2-1/2"]
[WhiteTitle "WGM"]
[BlackTitle "WIM"]
[WhiteElo "2364"]
[BlackElo "2184"]
[WhiteFideId "13402951"]
[BlackFideId "13403893"]
[EventDate "2016.05.10"]

1. d4 Nf6 2. c4 g6 3. Nf3 Bg7 4. g3 d6 5. Bg2 O-O 6. O-O Nc6 7. Nc3 a6 8. Re1
Rb8 9. Rb1 b5 10. cxb5 axb5 11. b4 e5 12. dxe5 dxe5 13. Be3 Bf5 14. Rc1 Nxb4 15.
Qb3 Qe7 16. Nxe5 Nc2 17. Nc6 Qe6 18. Qxe6 fxe6 19. Rxc2 Bxc2 20. Nxb8 Rxb8 21.
Ba7 Rc8 22. Nxb5 Ba4 23. Bb7 Rd8 24. Nxc7 Rd7 25. Rc1 Nd5 26. Bxd5 exd5 27. Bb6
Bb2 28. Rb1 Be5 29. Na6 Re7 30. Nc5 Bc6 31. a4 Bc3 32. Kf1 d4 33. a5 Bd5 34. a6
Bc4 35. a7 Bxe2+ 36. Kg1 Re8 37. Nd7 1/2-1/2

[Event "Nakhchivan Open 2016"]
[Site "Nakhchivan AZE"]
[Date "2016.05.10"]
[Round "1.23"]
[White "Muradli, Mahammad"]
[Black "Balajayeva, Khanim"]
[Result "1-0"]
[WhiteTitle "FM"]
[BlackTitle "WFM"]
[WhiteElo "2352"]
[BlackElo "2180"]
[WhiteFideId "13409301"]
[BlackFideId "13406396"]
[EventDate "2016.05.10"]

1. d4 f5 2. Nf3 Nf6 3. c4 e6 4. g3 b6 5. Bg2 Bb7 6. O-O Be7 7. d5 O-O 8. Nd4 c5
9. Nc2 d6 10. dxe6 Bxg2 11. Kxg2 Qc8 12. Nc3 Qxe6 13. Ne3 Nc6 14. Ned5 Rad8 15.
b3 Ng4 16. h3 Nge5 17. Bf4 Ng6 18. Qd2 Kh8 19. Rad1 Bf6 20. Nxf6 Nxf4+ 21. Qxf4
Qxf6 22. Nd5 Qe5 23. Rd2 Nd4 24. Rfd1 Rfe8 25. e3 Ne6 26. Qh4 Rd7 27. Rc2 f4 28.
Rc3 fxg3 29. Qxg3 Ng5 30. f4 Qe4+ 31. Kf2 Nf7 32. Qf3 Qf5 33. Qg4 Nh6 34. Qxf5
Nxf5 35. Rcd3 Rf7 36. Re1 g5 37. fxg5 Nd4+ 38. Nf6 Ne6 39. h4 h6 40. Kg3 Rd8 41.
Rd5 Nc7 42. Rf5 Ne8 43. Ref1 Ng7 44. R5f3 Rdf8 45. Kg4 Ne6 46. g6 Rg7 47. h5 Ng5
48. Rf4 Re7 49. Nd5 Rxf4+ 50. exf4 Re4 51. Nc3 1-0

[Event "Nakhchivan Open 2016"]
[Site "Nakhchivan AZE"]
[Date "2016.05.10"]
[Round "1.24"]
[White "Suleymanli, Aydin"]
[Black "Naghdiyev, Niyazi"]
[Result "1/2-1/2"]
[WhiteTitle "CM"]
[BlackTitle "FM"]
[WhiteElo "2091"]
[BlackElo "2351"]
[WhiteFideId "13413937"]
[BlackFideId "13405519"]
[EventDate "2016.05.10"]

1. d4 d5 2. c4 c6 3. e3 Nf6 4. Nf3 e6 5. Nbd2 Nbd7 6. Bd3 Bd6 7. O-O O-O 8. e4
dxe4 9. Nxe4 Nxe4 10. Bxe4 Nf6 11. Bg5 h6 12. Bxf6 Qxf6 13. c5 Bc7 14. Qe2 Rd8
15. Rad1 Kf8 16. g3 Rb8 17. b4 a5 18. a3 axb4 19. axb4 Ra8 20. Rfe1 Bd7 21. b5
cxb5 22. Bxb7 Rab8 23. Ne5 Be8 24. Bc6 Bxe5 25. dxe5 Qe7 26. Bxe8 Qxe8 27. Rd6
Rdc8 28. Qe3 b4 29. Rb1 Qb5 30. Qd4 1/2-1/2

[Event "Nakhchivan Open 2016"]
[Site "Nakhchivan AZE"]
[Date "2016.05.11"]
[Round "2.2"]
[White "Safarli, Eltaj"]
[Black "Muradli, Mahammad"]
[Result "1-0"]
[WhiteTitle "GM"]
[BlackTitle "FM"]
[WhiteElo "2664"]
[BlackElo "2352"]
[WhiteFideId "13402129"]
[BlackFideId "13409301"]
[EventDate "2016.05.10"]

1. d4 Nf6 2. Bg5 d5 3. Bxf6 gxf6 4. e3 c5 5. c4 cxd4 6. exd4 Nc6 7. Nc3 dxc4 8.
Nf3 Bg4 9. Bxc4 Bxf3 10. Qxf3 Qxd4 11. Bb5 Qe5+ 12. Kf1 Qc5 13. b4 Qb6 14. a4
O-O-O 15. Nd5 Qd4 16. Rd1 Qe5 17. g3 e6 18. Bxc6 bxc6 19. Nb6+ Kc7 20. Rc1 Qd6
21. Kg2 axb6 22. Rhd1 Qxd1 23. Qxc6+ Kb8 24. Qxb6+ Ka8 25. Qc6+ Kb8 26. Qb5+ Ka8
27. Rxd1 Rxd1 28. Qe8+ Kb7 29. Qxf7+ Ka8 30. Qxf6 Rg8 31. Qxe6 Rh8 32. Qf6 Rg8
33. Qf3+ 1-0

[Event "Nakhchivan Open 2016"]
[Site "Nakhchivan AZE"]
[Date "2016.05.11"]
[Round "2.3"]
[White "Mustafin, Andrey"]
[Black "Tiviakov, Sergei"]
[Result "1/2-1/2"]
[WhiteTitle "FM"]
[BlackTitle "GM"]
[WhiteElo "2299"]
[BlackElo "2591"]
[WhiteFideId "13406744"]
[BlackFideId "1008013"]
[EventDate "2016.05.10"]

1. b3 Nf6 2. Bb2 d5 3. e3 g6 4. Nf3 Bg7 5. d4 O-O 6. Be2 b6 7. O-O Bb7 8. c4
Nbd7 9. Nc3 e6 10. Rc1 c5 11. cxd5 exd5 12. dxc5 Nxc5 13. b4 Ne6 14. Qb3 d4 15.
Rfd1 Ng4 16. h3 Ne5 17. Nxd4 Qg5 18. Nd5 Nd3 19. Qxd3 Bxd5 20. g3 Nxd4 1/2-1/2